| 000 | 01197nam a2200325Ia 4500 | ||
|---|---|---|---|
| 001 | Z_6514 | ||
| 003 | CHAP | ||
| 005 | 20231127173337.0 | ||
| 008 | 220113s2010 xx 000 0 und d | ||
| 010 | _a169781 | ||
| 040 | _cCHAP | ||
| 090 | _aTesis P39 2277 | ||
| 100 |
_aPaz Robles, J. Ascención _986361 |
||
| 245 |
_aEstudio económico de engorda de ovinos en pastoreo de praderas mixtas / _cJ. Ascención Paz Robles |
||
| 260 |
_aMéxico : _bEl autor, _c2010 |
||
| 300 | _aCD | ||
| 502 | _aTesis (Ingeniero Agrónomo Especialista en Zootecnia) -- UACh, 2010 \ Dirección: Carlos Sánchez del Real; asesoría: Pedro A. Martínez Hernández y Jorge L. Castrellón Montelongo. | ||
| 650 |
_aGanado ovino _9139065 |
||
| 650 |
_aProducción de carne _9145024 |
||
| 650 |
_aRentabilidad finacieraIndicadores económicos. _9145025 |
||
| 700 | _a Castrellón Montelongo, Jorge L., asesor. | ||
| 700 |
_a Martínez Hernández, Pedro A., asesor _9144331 |
||
| 700 |
_aSánchez del Real, Carlos, director _9139076 |
||
| 856 | 4 | 2 |
_uhttp://10.13.5.2/tesis/111944.pdf _yDescargar PDF |
| 901 | _aTESIS P39 2277 | ||
| 902 | _aM | ||
| 910 | _a2010 | ||
| 942 |
_c2 _2ddc |
||
| 942 |
_c2 _2ddc |
||
| 999 |
_c169781 _d169781 |
||